|
|
|
|
| LEADER |
00000cam a2200000 7i4500 |
| 001 |
0000140205 |
| 005 |
20100706.0 |
| 020 |
|
|
|a 9789830994611
|
| 020 |
|
|
|a 9830994619
|
| 090 |
0 |
0 |
|a 615.822
|b ALB
|
| 100 |
1 |
|
|a Al-Badwi, Khaliil
|
| 245 |
1 |
0 |
|a Atasi sakit dengan urut dan jampi sendiri
|c Khaliil Al-Badwi ; susunan, Abdullah Al-Qari B. Hj. Salleh
|
| 260 |
|
|
|a Kuala Lumpur :
|b Al-Hidayah Publications ,
|c 2008
|
| 300 |
|
|
|a 197p. ;
|c 21cm.
|
| 650 |
0 |
0 |
|a Acupressure
|
| 650 |
0 |
0 |
|a Massage therapy
|
| 650 |
0 |
0 |
|a Medicine in the Koran
|
| 650 |
0 |
0 |
|a Reflexotherapy
|
| 650 |
0 |
0 |
|a Traditional medicine
|x Formulae, receipts, prescriptions
|
| 700 |
0 |
|
|a Abdullah Al-Qari B. Hj. Salleh
|
| 999 |
|
|
|a 00237313
|b BUKU
|c PINJAMAN
|e PERPUSTAKAAN KOMUNITI PETALING JAYA
|